Judikatúra Súdneho dvora EÚ za rok 2016 : vo veciach dane z pridanej hodnoty

Enregistré dans:
Détails bibliographiques
Autres auteurs: Šidlová, Zuzana, Ungerová, Elvíra
Format: Livre
Langue:slovaque
Publié: Bratislava Wolters Kluwer 2017
Sujets:
Tags: Ajouter un tag
Pas de tags, Soyez le premier à ajouter un tag!

MARC

LEADER 00000nam a2200000 4500
001 0236931
005 20240221115932.8
020 |a 978-80-8168-680-1 
041 0 |a slo 
044 |a SK 
245 1 0 |a Judikatúra Súdneho dvora EÚ  |b za rok 2016 : vo veciach dane z pridanej hodnoty  |c zostavili Zuzana Šidlová, Elvíra Ungerová 
264 1 |a Bratislava  |b Wolters Kluwer  |c 2017 
300 |a 220 s. 
610 2 0 |a Súdny dvor Európskej únie 
610 2 0 |a právo európske 
610 2 0 |a dane z hodnoty pridanej 
700 1 |a Šidlová, Zuzana 
700 1 |a Ungerová, Elvíra